000 00238nam a22001097a 4500
003 OSt
005 20250901165809.0
008 250320b |||||||| |||| 00| 0 eng d
040 _cQ
245 _aTHE CARJACKERS
_cARENSEN SHEL
942 _2lcc
_cBK
999 _c9364
_d9364